| 000 | 01878cam a22004334a 4500 | ||
|---|---|---|---|
| 999 |
_c529760 _d529760 |
||
| 001 | 12971708 | ||
| 003 | NUST | ||
| 005 | 20191003095713.0 | ||
| 008 | 021017s2002 dcua b 001 0 eng | ||
| 010 | _a 2002114545 | ||
| 020 | _a0309069513 | ||
| 035 | _a(DLC) 2002114545 | ||
| 038 | _aMSOHAIL | ||
| 040 |
_aDLC _cDLC _dDLC |
||
| 042 | _apcc | ||
| 043 | _an-us--- | ||
| 050 | 0 | 0 |
_aHG8053.7 _b.O95 2002 |
| 082 | _a0 | ||
| 245 | 0 | 0 |
_aOwner controlled insurance programs : _ba synthesis of highway practice / _cconsultants, Cliff J. Schexnayder and Sandra L. Weber. |
| 260 |
_aWashington, D.C. : _bTransportation Research Board, _c2002. |
||
| 300 |
_a133 p. : _bill. ; _c28 cm. |
||
| 490 | 1 |
_aNCHRP synthesis ; _v308 |
|
| 500 | _aAt head of title: National Cooperative Highway Research Program. | ||
| 500 | _a"Research sponsored by the American Association of State Highway and Transportation Officials in cooperation with the Federal Highway Administration." | ||
| 500 | _a"Project 20-5 FY 2000 (Topic 32-12)"--T.p. verso. | ||
| 504 | _aIncludes bibliographical references (p. 62-63). | ||
| 650 | 0 |
_aConstruction industry _xInsurance _zUnited States. _922496 |
|
| 650 | 0 |
_aRoad construction industry _xInsurance _zUnited States. _922497 |
|
| 650 | 0 |
_aGovernment risk insurance _zUnited States. _922498 |
|
| 700 | 1 |
_aSchexnayder, Cliff J. _922499 |
|
| 700 | 1 |
_aWeber, Sandra L. _922500 |
|
| 710 | 2 |
_aNational Research Council (U.S.). _bTransportation Research Board. _922501 |
|
| 710 | 2 |
_aNational Cooperative Highway Research Program. _920864 |
|
| 710 | 2 |
_aAmerican Association of State Highway and Transportation Officials. _919553 |
|
| 830 | 0 |
_aSynthesis of highway practice ; _v308. _922502 |
|
| 906 |
_a7 _bcbc _corignew _d2 _eepcn _f20 _gy-gencatlg |
||
| 942 |
_2ddc _cBK |
||